[Event "Primorsko op"]
[Site "Primorsko"]
[Date "2018.09.24"]
[Round "9"]
[White "Todorov, Ognjan"]
[Black "Nikolov, Momchil"]
[Result "1/2-1/2"]
[WhiteElo "2236"]
[BlackElo "2550"]
[PlyCount "43"]
[EventDate "2018.09.16"]
[EventType "swiss"]
[EventRounds "9"]
[EventCountry "BUL"]
[SourceTitle "CBM 186 Extra"]
[Source "ChessBase"]
[SourceDate "2018.08.24"]
[SourceVersion "1"]
[SourceVersionDate "2018.08.24"]
[SourceQuality "1"]

1. d4 Nf6 2. c4 e6 3. Nf3 b6 4. g3 Ba6 5. b3 Bb4+ 6. Bd2 Be7 7. Bg2 d5 8. cxd5 exd5 9. Nc3 0-0 10. 0-0 Bb7 11. Qc2 Na6 12. Rad1 Re8 13. Ne5 c6 14. e4 Nc7 15. exd5 cxd5 16. Bg5 Ne6 17. f4 Rc8 18. Qb2 h6 19. Bxf6 Bxf6 20. b4 Nc7 21. Bh3 Rb8 22. Qb3 1/2-1/2

[Event "Primorsko op"]
[Site "Primorsko"]
[Date "2017.09.19"]
[Round "3"]
[White "Todorov, Ognjan"]
[Black "Nikolov, Momchil"]
[Result "0-1"]
[WhiteElo "2250"]
[BlackElo "2560"]
[PlyCount "80"]
[EventDate "2017.09.17"]
[EventType "swiss"]
[EventRounds "9"]
[EventCountry "BUL"]
[SourceTitle "CBM 180 Extra"]
[Source "ChessBase"]
[SourceDate "2017.10.06"]
[SourceVersion "1"]
[SourceVersionDate "2017.10.06"]
[SourceQuality "1"]

1. Nf3 c5 2. c4 Nf6 3. Nc3 d5 4. cxd5 Nxd5 5. e4 Nb4 6. d4 cxd4 7. Bb5+ N8c6 8. a3 dxc3 9. Qxd8+ Kxd8 10. axb4 cxb2 11. Bxb2 f6 12. e5 Bd7 13. Ba4 Ke8 14. b5 Nxe5 15. Nxe5 fxe5 16. Bxe5 e6 17. 0-0 Bc5 18. Bxg7 Rg8 19. Be5 Rg4 20. Rfc1 Rc8 21. Bg3 Bxf2+ 22. Kxf2 Rxc1 23. Rxc1 Rxa4 24. Rc7 b6 25. Rb7 h5 26. Ke3 Kd8 27. Rb8+ Ke7 28. Rb7 Kd8 29. Rb8+ Bc8 30. Ra8 Kd7 31. Bf4 Bb7 32. Rg8 Re4+ 33. Kf3 Bd5 34. Rg7+ Ke8 35. g3 e5 36. Bh6 Rb4+ 37. Ke2 Bf7 38. Ke3 Rxb5 39. Ke4 Ke7 40. Rg5 Kf6 0-1

[Event "Albena op"]
[Site "Albena"]
[Date "2017.06.20"]
[Round "4"]
[White "Dimitrov, Radoslav"]
[Black "Todorov, Ognjan"]
[Result "1/2-1/2"]
[WhiteElo "2458"]
[BlackElo "2231"]
[PlyCount "71"]
[EventDate "2017.06.17"]
[EventType "swiss"]
[EventRounds "9"]
[EventCountry "BUL"]
[SourceTitle "CBM 179 Extra"]
[Source "ChessBase"]
[SourceDate "2017.08.23"]
[SourceVersion "1"]
[SourceVersionDate "2017.08.23"]
[SourceQuality "1"]

1. d4 Nf6 2. Bg5 d5 3. Bxf6 exf6 4. e3 Bd6 5. c4 dxc4 6. Bxc4 0-0 7. Nc3 Nd7 8. Nge2 f5 9. Qc2 Nf6 10. 0-0-0 c6 11. Bd3 g6 12. f3 Re8 13. Qd2 Bf8 14. Nf4 Bh6 15. g3 a5 16. Kb1 a4 17. a3 Qa5 18. Rhe1 Be6 19. Nxe6 Rxe6 20. Qf2 b5 21. e4 b4 22. axb4 Qxb4 23. Ka2 Qb6 24. Bc4 Re7 25. exf5 Rxe1 26. Rxe1 a3 27. fxg6 hxg6 28. b3 Rd8 29. Rd1 Nd5 30. f4 Bg7 31. f5 gxf5 32. Qxf5 Bxd4 33. Rxd4 Qxd4 34. Qg5+ Kh7 35. Qh5+ Kg7 36. Qg5+ 1/2-1/2

[Event "Primorsko op"]
[Site "Primorsko"]
[Date "2016.09.24"]
[Round "8"]
[White "Petrov, Martin"]
[Black "Todorov, Ognjan"]
[Result "1-0"]
[WhiteElo "2458"]
[BlackElo "2234"]
[PlyCount "67"]
[EventDate "2016.09.18"]
[EventType "swiss"]
[EventRounds "9"]
[EventCountry "BUL"]
[SourceTitle "CBM 174 Extra"]
[Source "ChessBase"]
[SourceDate "2016.10.10"]
[SourceVersion "1"]
[SourceVersionDate "2016.10.10"]
[SourceQuality "1"]

1. e4 c5 2. Nf3 e6 3. d4 cxd4 4. Nxd4 Nc6 5. Nc3 Qc7 6. Be2 Nf6 7. 0-0 Be7 8. Be3 0-0 9. f4 d6 10. Kh1 Nxd4 11. Bxd4 e5 12. Be3 exf4 13. Rxf4 Be6 14. Nb5 Qb8 15. Nd4 d5 16. Nxe6 fxe6 17. exd5 Nxd5 18. Rxf8+ Qxf8 19. Qd3 Bf6 20. Rf1 Qb4 21. c4 Nxe3 22. Qxe3 Qxb2 23. Qxe6+ Kh8 24. Bd3 Qe5 25. Qh3 h6 26. Qg4 Rd8 27. Qg6 Kg8 28. Be4 h5 29. Bd5+ Kh8 30. Be4 Kg8 31. Qh7+ Kf8 32. Bd5 Ke7 33. Qb1 b6 34. Re1 1-0

[Event "Primorsko op"]
[Site "Primorsko"]
[Date "2016.09.19"]
[Round "2"]
[White "Velikov, Petar"]
[Black "Todorov, Ognjan"]
[Result "1/2-1/2"]
[WhiteElo "2394"]
[BlackElo "2234"]
[PlyCount "24"]
[EventDate "2016.09.18"]
[EventType "swiss"]
[EventRounds "9"]
[EventCountry "BUL"]
[SourceTitle "CBM 174 Extra"]
[Source "ChessBase"]
[SourceDate "2016.10.10"]
[SourceVersion "1"]
[SourceVersionDate "2016.10.10"]
[SourceQuality "1"]

1. d4 d5 2. c4 c6 3. cxd5 cxd5 4. Nc3 Nf6 5. Bf4 Nc6 6. e3 Bf5 7. Bd3 Bxd3 8. Qxd3 e6 9. Nf3 Bd6 10. Bxd6 Qxd6 11. 0-0 0-0 12. Rfc1 Rfc8 1/2-1/2

[Event "Albena op-A"]
[Site "Albena"]
[Date "2016.06.26"]
[Round "9"]
[White "Todorov, Ognjan"]
[Black "Smirnov, Artem"]
[Result "1-0"]
[WhiteElo "2218"]
[BlackElo "2416"]
[PlyCount "65"]
[EventDate "2016.06.18"]
[EventType "swiss"]
[EventRounds "9"]
[EventCountry "BUL"]
[SourceTitle "EXT 2017"]
[Source "ChessBase"]
[SourceDate "2016.10.25"]
[SourceVersion "1"]
[SourceVersionDate "2016.10.25"]
[SourceQuality "1"]

1. Nf3 f5 2. g3 Nf6 3. Bg2 d6 4. d4 g6 5. c4 Bg7 6. b4 c5 7. Bb2 0-0 8. b5 Nbd7 9. d5 Nb6 10. Nbd2 h6 11. 0-0 e5 12. dxe6 Bxe6 13. Qc2 Qe7 14. a4 Qf7 15. Rac1 Rae8 16. a5 Nc8 17. Nh4 Ne7 18. Bxb7 g5 19. Ng2 Qh5 20. Bf3 Qh3 21. b6 axb6 22. axb6 f4 23. Ne4 Nf5 24. Rfd1 Nxe4 25. Bxe4 Bxb2 26. Qxb2 Nd4 27. Rxd4 cxd4 28. Qxd4 Qh5 29. Bf3 Qg6 30. gxf4 gxf4 31. Qxd6 Rd8 32. Qc6 Rd2 33. b7 1-0

[Event "Albena op-A"]
[Site "Albena"]
[Date "2016.06.19"]
[Round "2"]
[White "Todorov, Ognjan"]
[Black "Nikolov, Sasho"]
[Result "0-1"]
[WhiteElo "2218"]
[BlackElo "2348"]
[PlyCount "62"]
[EventDate "2016.06.18"]
[EventType "swiss"]
[EventRounds "9"]
[EventCountry "BUL"]
[SourceTitle "CBM 173 Extra"]
[Source "ChessBase"]
[SourceDate "2016.08.29"]
[SourceVersion "1"]
[SourceVersionDate "2016.08.29"]
[SourceQuality "1"]

1. Nf3 c5 2. c4 b6 3. d4 cxd4 4. Nxd4 Bb7 5. Nc3 Nf6 6. f3 e5 7. Ndb5 d6 8. Nd5 Nxd5 9. cxd5 Be7 10. e4 0-0 11. Be2 Nd7 12. 0-0 a6 13. Nc3 Bg5 14. Bxg5 Qxg5 15. Qc1 h6 16. Qxg5 hxg5 17. Nd1 g6 18. Ne3 b5 19. a4 bxa4 20. Nc4 Nc5 21. Nxd6 Rab8 22. Rac1 Nb3 23. Rc7 Ba8 24. Bc4 Nd2 25. Rd1 Rxb2 26. Nxf7 Nxc4 27. Nh6+ Kh8 28. Rxc4 a3 29. d6 a2 30. d7 Kg7 31. Ra4 Bc6 0-1

[Event "Albena Vivacom op"]
[Site "Albena"]
[Date "2015.09.17"]
[Round "5"]
[White "Todorov, Ognjan"]
[Black "Bernadskiy, Vitaliy"]
[Result "1/2-1/2"]
[WhiteElo "2219"]
[BlackElo "2553"]
[PlyCount "36"]
[EventDate "2015.09.14"]
[EventType "swiss"]
[EventRounds "9"]
[EventCountry "BUL"]
[SourceTitle "EXT 2016"]
[Source "ChessBase"]
[SourceDate "2015.10.08"]
[SourceVersion "1"]
[SourceVersionDate "2015.10.08"]
[SourceQuality "1"]

1. Nf3 Nf6 2. c4 e6 3. g3 d5 4. Bg2 d4 5. d3 c5 6. e3 Nc6 7. exd4 cxd4 8. Bg5 Qb6 9. Bxf6 gxf6 10. Qc1 Nb4 11. Qd1 Nc6 12. Qc2 Qa5+ 13. Nbd2 Ne5 14. 0-0 Nxd3 15. Qb1 Ne5 16. Nxe5 fxe5 17. Nb3 Qd8 18. Qe4 Bg7 1/2-1/2

[Event "Albena Vivacom op"]
[Site "Albena"]
[Date "2015.09.15"]
[Round "2"]
[White "Dimitrov, Radoslav"]
[Black "Todorov, Ognjan"]
[Result "1/2-1/2"]
[WhiteElo "2495"]
[BlackElo "2219"]
[PlyCount "126"]
[EventDate "2015.09.14"]
[EventType "swiss"]
[EventRounds "9"]
[EventCountry "BUL"]
[SourceTitle "EXT 2016"]
[Source "ChessBase"]
[SourceDate "2015.10.08"]
[SourceVersion "1"]
[SourceVersionDate "2015.10.08"]
[SourceQuality "1"]

1. d4 d5 2. c4 e6 3. Nc3 Be7 4. Bf4 Nf6 5. e3 0-0 6. Nf3 b6 7. Bd3 dxc4 8. Bxc4 Bb7 9. 0-0 Nbd7 10. Qe2 Nd5 11. Nxd5 exd5 12. Ba6 Qc8 13. Bd3 Nf6 14. Rac1 c5 15. dxc5 bxc5 16. Nd4 g6 17. Bg5 Qc7 18. Nb5 Qb6 19. b3 Rfe8 20. Nc3 Rac8 21. Na4 Qb4 22. Bb5 Red8 23. Ba6 c4 24. Bxb7 Qxb7 25. bxc4 dxc4 26. Nc3 Rd3 27. e4 Nh5 28. Bxe7 Qxe7 29. Qg4 Qe6 30. Qxe6 fxe6 31. g3 Nf6 32. Rc2 Ng4 33. Rfc1 Ne5 34. f4 Nf3+ 35. Kg2 Nd4 36. Rb2 Rc7 37. e5 Re3 38. Rb4 Ne2 39. Nxe2 Rxe2+ 40. Kf3 Rxh2 41. Rbxc4 Rxc4 42. Rxc4 Rxa2 43. Rc6 Kf7 44. Rc7+ Kg8 45. Re7 a5 46. Rxe6 a4 47. Ra6 a3 48. Kg4 Kg7 49. Ra7+ Kh6 50. Kh3 Ra1 51. g4 g5 52. f5 a2 53. Kg2 Re1 54. Rxa2 Rxe5 55. Kf3 Kg7 56. Ra7+ Kg8 57. Ra4 h5 58. Ra6 Kf7 59. Rh6 hxg4+ 60. Kxg4 Re1 61. Rh7+ Kf6 62. Rh6+ Kf7 63. Rh7+ Kf6 1/2-1/2

[Event "Golden Sands op-B"]
[Site "Golden Sands"]
[Date "2015.06.14"]
[Round "7"]
[White "Stojanov, Alexandar"]
[Black "Todorov, Ognjan"]
[Result "0-1"]
[WhiteElo "2125"]
[BlackElo "2220"]
[PlyCount "108"]
[EventDate "2015.06.08"]
[EventType "swiss"]
[EventRounds "9"]
[EventCountry "BUL"]
[SourceTitle "CBM 167 Extra"]
[Source "ChessBase"]
[SourceDate "2015.09.14"]
[SourceVersion "1"]
[SourceVersionDate "2015.09.14"]
[SourceQuality "1"]

1. e4 c5 2. Nf3 e6 3. d4 cxd4 4. Nxd4 a6 5. c4 Nf6 6. Nc3 Bb4 7. e5 Ne4 8. Bd2 Nxd2 9. Qxd2 Qc7 10. Qg5 0-0 11. Bd3 Bxc3+ 12. bxc3 d6 13. f4 dxe5 14. fxe5 Nd7 15. Nf3 Nc5 16. Bc2 Bd7 17. 0-0 h6 18. Qg3 Ba4 19. Bxa4 Nxa4 20. Nd2 Nc5 21. Rae1 Rad8 22. Ne4 Rd3 23. Nf6+ Kh8 24. Re3 Rxe3 25. Qxe3 Nd7 26. Nxd7 Qxd7 27. Qd4 Qc7 28. Qd6 Rc8 29. c5 Kg8 30. Rb1 Qxc5+ 31. Qxc5 Rxc5 32. Rxb7 Rxe5 33. Kf2 Ra5 34. Rb2 Rc5 35. Rb3 g5 36. Ke3 Kg7 37. Kd4 Rd5+ 38. Ke3 Ra5 39. Rb2 f5 40. c4 Kf6 41. Kd4 Ke7 42. Kc3 Kd6 43. Rb6+ Kd7 44. Kb3 f4 45. a4 Re5 46. Rxa6 Re2 47. Kb4 Rxg2 48. Kc5 Ke7 49. Kd4 Rxh2 50. c5 f3 51. Ke3 g4 52. Ra7+ Kf6 53. Ra8 Ke5 54. Rg8 h5 0-1

[Event "Albena Masters op"]
[Site "Albena"]
[Date "2014.06.08"]
[Round "8"]
[White "Barbosa, Evandro Amorim"]
[Black "Todorov, Ognjan"]
[Result "1-0"]
[WhiteElo "2471"]
[BlackElo "2265"]
[PlyCount "65"]
[EventDate "2014.06.01"]
[EventType "swiss"]
[EventRounds "9"]
[EventCountry "BUL"]
[SourceTitle "CBM 160 Extra"]
[Source "ChessBase"]
[SourceDate "2014.07.01"]
[SourceVersion "1"]
[SourceVersionDate "2014.07.01"]
[SourceQuality "1"]

1. e4 c5 2. Nf3 e6 3. d4 cxd4 4. Nxd4 a6 5. Bd3 Bc5 6. Nb3 Be7 7. Qg4 g6 8. 0-0 d6 9. a4 b6 10. Na3 Nd7 11. Be3 Ngf6 12. Qe2 0-0 13. a5 b5 14. c4 b4 15. Nc2 Rb8 16. Bd2 Ne5 17. Nbd4 Qc7 18. Bxb4 Nxd3 19. Qxd3 Ng4 20. Qe2 d5 21. Qxg4 Bxb4 22. e5 dxc4 23. Ne3 Bd7 24. Nf3 Bb5 25. Rfc1 Be7 26. Qh3 c3 27. bxc3 Be2 28. Ng4 Bxf3 29. gxf3 Rb3 30. c4 Rc8 31. Qh6 f5 32. exf6 Bxf6 33. Nxf6+ 1-0

[Event "Albena Masters op"]
[Site "Albena"]
[Date "2014.06.06"]
[Round "6"]
[White "Raznikov, Danny"]
[Black "Todorov, Ognjan"]
[Result "1/2-1/2"]
[WhiteElo "2495"]
[BlackElo "2265"]
[PlyCount "52"]
[EventDate "2014.06.01"]
[EventType "swiss"]
[EventRounds "9"]
[EventCountry "BUL"]
[SourceTitle "CBM 160 Extra"]
[Source "ChessBase"]
[SourceDate "2014.07.01"]
[SourceVersion "1"]
[SourceVersionDate "2014.07.01"]
[SourceQuality "1"]

1. d4 d5 2. c4 c6 3. Nf3 Nf6 4. e3 g6 5. Nc3 Bg7 6. Be2 0-0 7. 0-0 Be6 8. b3 c5 9. dxc5 dxc4 10. Nd4 Nd5 11. Nxd5 Bxd5 12. bxc4 Be4 13. Bb2 Qc8 14. f3 Bf5 15. Nxf5 Qxf5 16. Bxg7 Kxg7 17. Qd5 Qc8 18. Qe5+ Kg8 19. Qxe7 Re8 20. Qg5 Nd7 21. Rfd1 Re5 22. Qf4 Rxc5 23. e4 Qe8 24. g4 h5 25. h3 Rac8 26. Kg2 Qe7 1/2-1/2

[Event "Albena Masters op"]
[Site "Albena"]
[Date "2014.06.05"]
[Round "5"]
[White "Todorov, Ognjan"]
[Black "Drenchev, Petar"]
[Result "1/2-1/2"]
[WhiteElo "2265"]
[BlackElo "2487"]
[PlyCount "50"]
[EventDate "2014.06.01"]
[EventType "swiss"]
[EventRounds "9"]
[EventCountry "BUL"]
[SourceTitle "CBM 160 Extra"]
[Source "ChessBase"]
[SourceDate "2014.07.01"]
[SourceVersion "1"]
[SourceVersionDate "2014.07.01"]
[SourceQuality "1"]

1. Nf3 c5 2. c4 Nf6 3. Nc3 d5 4. cxd5 Nxd5 5. Qb3 Nb6 6. e3 Nc6 7. d4 cxd4 8. Nxd4 e5 9. Nxc6 bxc6 10. Be2 Be6 11. Qc2 Rc8 12. 0-0 f5 13. Rd1 Bd6 14. Na4 Qe7 15. Ba6 Rc7 16. Bd2 0-0 17. Ba5 Rb8 18. Rd2 e4 19. Rad1 Bd5 20. Nc3 f4 21. Nxd5 cxd5 22. Qb3 fxe3 23. Rxd5 Bxh2+ 24. Kxh2 Qh4+ 25. Kg1 Qxf2+ 1/2-1/2

[Event "Albena Masters op"]
[Site "Albena"]
[Date "2013.06.08"]
[Round "8"]
[White "Todorov, Ognjan"]
[Black "Drogovoz, Irina"]
[Result "1-0"]
[WhiteElo "2285"]
[BlackElo "2001"]
[PlyCount "72"]
[EventDate "2013.06.01"]
[EventType "swiss"]
[EventRounds "9"]
[EventCountry "BUL"]
[SourceTitle "EXT 2014"]
[Source "ChessBase"]
[SourceDate "2013.11.20"]
[SourceVersion "1"]
[SourceVersionDate "2013.11.20"]
[SourceQuality "1"]

1. Nf3 Nf6 2. c4 g6 3. g3 Bg7 4. Bg2 0-0 5. 0-0 d5 6. cxd5 Nxd5 7. d4 Nb6 8. Nc3 Nc6 9. e3 e5 10. d5 Ne7 11. e4 Nc4 12. Qb3 Nd6 13. Be3 h6 14. Rad1 Bg4 15. h3 Bxf3 16. Bxf3 f5 17. Bc5 Qd7 18. Kg2 Kh8 19. Rc1 a6 20. Rc2 Rfd8 21. Rd1 b6 22. Bxd6 Qxd6 23. Rdc1 Ra7 24. Nd1 Qd7 25. Ne3 Re8 26. Rc3 f4 27. Nc4 fxg3 28. fxg3 h5 29. d6 cxd6 30. Nxb6 Qb5 31. Rd3 Rd8 32. Rcd1 Rc7 33. Na4 Qxb3 34. axb3 Nc8 35. Rc3 Rf7 36. Be2 Ra7 1-0